| 000 | 00801cam a2200217 4500 | ||
|---|---|---|---|
| 001 | WB3540-05 | ||
| 008 | 000000n1999 000 0 eng u | ||
| 035 | _a(Sirsi) u100393 | ||
| 245 | _aPrime contracting | ||
| 260 | _c1999 | ||
| 490 |
_aBuilding _v264(8107) 8 October 1999, 10(1) |
||
| 520 | _aLeading subcontractors are concerned that specialists will be abused by prime contractors. Subcontractors want a watchdog to establish key performance indicators to assess prime contractors' performance on payment times and the number of tenders let for each package. | ||
| 590 | _aWB | ||
| 650 | _aSUBCONTRACTORS | ||
| 650 | _aPRIME CONTRACTORS | ||
| 650 | _aPRIME CONTRACT PROCUREMENT | ||
| 650 | _aPROCUREMENT METHODS | ||
| 650 | _aBEST VALUE | ||
| 690 | _aBUILT ENVIRONMENT | ||
| 942 | _n0 | ||
| 999 |
_c60077 _d60077 |
||